Statistics for Geography Straight Lines # 5

Click here to take the quiz!

General Stats

  • This quiz has been taken 27 times
  • The average score is 13 of 15

Answer Stats

Answer% Correct
Japan
100%
South Korea
96%
China
96%
Senegal
88%
Nepal
85%
India
85%
Pakistan
81%
Chad
81%
Mali
81%
Mauritania
81%
Iran
77%
Saudi Arabia
77%
Egypt
77%
Libya
77%
Niger
77%

Score Distribution

Percentile by Number Answered

Percent of People with Each Score

Your Score History

You have not taken this quiz